LIBRARY & INFORMATION CENTRE, KCAET, TAVANUR

ONLINE PUBLIC ACCESS CATALOGUE (OPAC)

Seminar on residual life assessment ,renovation and modernisation of existing thermal power plants 25-26 Feb-1999 Culcutta / (Record no. 6321)

MARC details
000 -LEADER
fixed length control field 00515cam a2200157ua 4500
041 ## - LANGUAGE CODE
Language code of text/sound track or separate title eng
082 ## - DEWEY DECIMAL CLASSIFICATION NUMBER
Classification number 028.7462
Item number VAR/SE
100 ## - MAIN ENTRY--AUTHOR NAME
Personal name Varma, C.V.J.
245 ## - TITLE STATEMENT
Title Seminar on residual life assessment ,renovation and modernisation of existing thermal power plants 25-26 Feb-1999 Culcutta /
260 ## - PUBLICATION, DISTRIBUTION, ETC. (IMPRINT)
Place of publication New Delhi :
Name of publisher Central Board of Irrigation and Power (CBIP) ,
Year of publication 1999.
300 ## - PHYSICAL DESCRIPTION
Number of Pages 300 ; .
700 1# - ADDED ENTRY--PERSONAL NAME
Personal name Lal, P K .
942 ## - ADDED ENTRY ELEMENTS (KOHA)
Koha item type Books
Holdings
Withdrawn status Lost status Damaged status Home library Current library Date acquired Full call number Accession Number Koha item type
      KAUAET   07/04/2012 028.7462 20234 Books
free website counter